| 000 | 00940nac a22002777a 4500 | ||
|---|---|---|---|
| 001 | BR7705044 | ||
| 003 | BR-BrBNA | ||
| 005 | 20240105114138.0 | ||
| 008 | 230509b bl.|||m| |||| 00| 0 por d | ||
| 040 |
_aBR-BrBNA _bpor _cBiblioteca Nacional de Agricultura |
||
| 072 | _aF40 | ||
| 090 | _aF40 BR7705044 | ||
| 100 | 1 | _aTricart, J. | |
| 110 | 1 |
_aSuperintendencia de Recursos Naturais e Meio Ambiente, Rio de Janeiro, RJ (Brasil) _910047 |
|
| 245 | 1 | _aEcodinamica [ecologia, conservacao, meio ambiente. geomorfologia, Brasil] | |
| 260 | 3 |
_aRio de Janeiro, RJ (Brasil): _c1977. |
|
| 300 | _a97 p. | ||
| 490 |
_aRecursos Naturais e Meio Ambiente - Superintendencia de Recursos Naturais e Meio Ambiente (Brazil) _vno. 1 _x |
||
| 500 | _a23 illus. | ||
| 650 | _aECOLOGIA | ||
| 650 | _aMEIO AMBIENTE | ||
| 650 | _aGEOMORFOLOGIA | ||
| 650 | _aCONSERVACAO | ||
| 909 |
_a202312 _bLúcia Elande _c55 _dLúcia Elande |
||
| 942 |
_2AGRIS _n0 _cMS |
||
| 999 |
_c267637 _d267637 |
||